[Event "HUN-chT2 Erkel 1718"]
[Site "Hungary"]
[Date "2018.03.25"]
[Round "10.7"]
[White "Geher, Koppany"]
[Black "Beglyj, Mikhail"]
[Result "1/2-1/2"]
[WhiteElo "2017"]
[BlackElo "1979"]
[PlyCount "91"]
[EventDate "2017.09.24"]
[EventType "team-tourn"]
[EventRounds "11"]
[EventCountry "HUN"]
[SourceTitle "EXT 2021"]
[Source "ChessBase"]
[SourceDate "2020.10.23"]
[SourceVersion "1"]
[SourceVersionDate "2020.10.23"]
[SourceQuality "1"]
[WhiteTeam "Budapest MTK II"]
[BlackTeam "Gyongyos Energia"]
[WhiteTeamCountry "HUN"]
[BlackTeamCountry "HUN"]

1. e4 c5 2. Nf3 Nc6 3. d4 cxd4 4. Nxd4 e5 5. Nb5 a6 6. Nd6+ Bxd6 7. Qxd6 Qe7 8. Qd1 Nf6 9. Nc3 d6 10. Bg5 Be6 11. Be2 0-0 12. 0-0 Rfd8 13. Bxf6 Qxf6 14. Nd5 Bxd5 15. Qxd5 Rac8 16. c3 Qe6 17. Bc4 Qxd5 18. Bxd5 Kf8 19. Rfd1 Rc7 20. Rd3 b5 21. f3 Na5 22. b4 Nc4 23. Bxc4 Rxc4 24. a4 Ke7 25. axb5 axb5 26. Kf2 Rdc8 27. Ra3 h5 28. Ke2 g6 29. Kd2 R4c6 30. Ra7+ R8c7 31. Rxc7+ Rxc7 32. Kc2 f5 33. Rd5 Rb7 34. Kb3 Kd7 35. c4 bxc4+ 36. Kxc4 Rc7+ 37. Kb3 Rc1 38. exf5 gxf5 39. b5 Ke6 40. Rd2 d5 41. Kb4 Kd6 42. Ra2 Rb1+ 43. Kc3 d4+ 44. Kc4 Rc1+ 45. Kd3 Rb1 46. Kc4 1/2-1/2

[Event "Marianske Lazne Seniors op 17th"]
[Site "Marianske Lazne"]
[Date "2018.01.23"]
[Round "5"]
[White "Beglyj, Mikhail"]
[Black "Kozak, Milos"]
[Result "0-1"]
[WhiteElo "1992"]
[BlackElo "2111"]
[PlyCount "72"]
[EventDate "2018.01.20"]
[EventType "swiss"]
[EventRounds "9"]
[EventCountry "CZE"]
[SourceTitle "CBM 182 Extra"]
[Source "ChessBase"]
[SourceDate "2018.02.23"]
[SourceVersion "1"]
[SourceVersionDate "2018.02.23"]
[SourceQuality "1"]

1. e4 c6 2. d4 d5 3. exd5 cxd5 4. c4 Nf6 5. Nc3 Nc6 6. Nf3 Bg4 7. cxd5 Nxd5 8. Qb3 Bxf3 9. gxf3 e6 10. Qxb7 Nxd4 11. Bb5+ Nxb5 12. Qc6+ Ke7 13. Qxb5 Nxc3 14. bxc3 Rb8 15. Qc5+ Ke8 16. Qc6+ Qd7 17. Qxd7+ Kxd7 18. Be3 Rb7 19. Rg1 Kc8 20. Rg4 Bd6 21. h3 Be5 22. Rc4+ Rc7 23. Rxc7+ Kxc7 24. Ke2 a6 25. Rb1 Rb8 26. Rb4 Bd6 27. Rb3 Kc6 28. Kd3 e5 29. Kc4 f5 30. Rxb8 Bxb8 31. f4 exf4 32. Bd4 g5 33. f3 h5 34. Kd3 g4 35. fxg4 fxg4 36. hxg4 hxg4 0-1

[Event "HUN-chT2 Erkel 1617"]
[Site "Hungary"]
[Date "2017.02.12"]
[Round "8.3"]
[White "Beglyj, Mikhail"]
[Black "Gombocz, Zsolt"]
[Result "1/2-1/2"]
[WhiteElo "1986"]
[BlackElo "2089"]
[PlyCount "40"]
[EventDate "2016.09.25"]
[EventType "team-tourn"]
[EventRounds "11"]
[EventCountry "HUN"]
[SourceTitle "EXT 2021"]
[Source "ChessBase"]
[SourceDate "2020.10.23"]
[SourceVersion "1"]
[SourceVersionDate "2020.10.23"]
[SourceQuality "1"]
[WhiteTeam "Gyongyos Matra"]
[BlackTeam "Budapest MAFC"]
[WhiteTeamCountry "HUN"]
[BlackTeamCountry "HUN"]

1. e4 Nf6 2. e5 Nd5 3. d4 d6 4. c4 Nb6 5. f4 g5 6. Nc3 Bg7 7. Nf3 g4 8. Ng5 dxe5 9. fxe5 c5 10. dxc5 Qxd1+ 11. Kxd1 N6d7 12. e6 Nxc5 13. exf7+ Kf8 14. h3 h6 15. Nge4 Nxe4 16. Nxe4 Kxf7 17. hxg4 Bxg4+ 18. Be2 Bxe2+ 19. Kxe2 Nc6 20. Be3 b6 1/2-1/2

[Event "HUN-chT2 Erkel 1516"]
[Site "Hungary"]
[Date "2015.12.06"]
[Round "6.7"]
[White "Beglyj, Mikhail"]
[Black "Halasz, Csaba"]
[Result "0-1"]
[WhiteElo "1949"]
[BlackElo "2087"]
[PlyCount "46"]
[EventDate "2015.09.13"]
[EventType "team-tourn"]
[EventRounds "11"]
[EventCountry "HUN"]
[SourceTitle "CBM 170 Extra"]
[Source "ChessBase"]
[SourceDate "2016.02.25"]
[SourceVersion "1"]
[SourceVersionDate "2016.02.25"]
[SourceQuality "1"]
[WhiteTeam "Matra"]
[BlackTeam "MAFC"]
[WhiteTeamCountry "HUN"]
[BlackTeamCountry "HUN"]

1. e4 c5 2. b3 Nc6 3. Bb2 Nf6 4. e5 Nd5 5. Bc4 Nc7 6. Nf3 Ne6 7. Nc3 g6 8. 0-0 Bg7 9. Re1 0-0 10. Rb1 b6 11. Bd5 Bb7 12. Ba1 a6 13. Ne2 Qc7 14. Nc1 Nf4 15. Be4 d5 16. exd6 exd6 17. Bxg7 Kxg7 18. c4 Rfe8 19. Nd3 Rxe4 20. Rxe4 Nxd3 21. Rh4 Qe7 22. Rh3 Nf4 23. Rh4 Nd4 0-1

[Event "Mukachevo 9th"]
[Site "Mukachevo"]
[Date "2011.07.07"]
[Round "4"]
[White "Kristofori, Attila"]
[Black "Beglyj, Mikhail"]
[Result "1/2-1/2"]
[WhiteElo "2098"]
[BlackElo "2022"]
[PlyCount "86"]
[EventDate "2011.07.05"]
[EventType "swiss"]
[EventRounds "7"]
[EventCountry "UKR"]
[SourceTitle "EXT 2012"]
[Source "ChessBase"]
[SourceDate "2011.11.24"]
[SourceVersion "1"]
[SourceVersionDate "2011.11.24"]
[SourceQuality "1"]

1. e4 e5 2. Nc3 Nf6 3. f4 d5 4. fxe5 Nxe4 5. Nf3 Bg4 6. Qe2 Nxc3 7. bxc3 Nd7 8. d4 c5 9. Be3 cxd4 10. cxd4 Bb4+ 11. Kf2 0-0 12. h3 Bf5 13. Bd2 Bxd2 14. Qxd2 f6 15. Re1 fxe5 16. Nxe5 Bxc2+ 17. Kg1 Be4 18. Bd3 Nf6 19. Kh2 Bxd3 20. Qxd3 Ne4 21. Qb3 Kh8 22. Rhf1 Rxf1 23. Rxf1 Nd2 24. Nf7+ Kg8 25. Nxd8 Nxb3 26. Nxb7 Rb8 27. axb3 Rxb7 28. Rf5 Rb5 29. b4 g6 30. Re5 Kf7 31. h4 h5 32. Kg3 Kf6 33. Kf4 Rxb4 34. Rxd5 a5 35. Ke4 a4 36. Rd6+ Kf7 37. Ra6 Rb2 38. g3 Rb3 39. Ke5 Re3+ 40. Kf4 Ra3 41. d5 Rd3 42. Ke5 Re3+ 43. Kf4 Rd3 1/2-1/2